| 000 | 01010nam a2200349 a 4500 | ||
|---|---|---|---|
| 001 | 32306 | ||
| 003 | UkOxU | ||
| 005 | 20150601151135.0 | ||
| 008 | 880808s1974 enk b 000 1 eng | ||
| 015 | _aGB | ||
| 020 | _a0140430954 | ||
| 035 | _a0140430954 | ||
| 035 | _a(OCoLC)863254783 | ||
| 040 |
_aDLC _cDLC _dm.c |
||
| 082 | _a823 | ||
| 092 | _aD0400292558 | ||
| 100 | 1 |
_aBrontë, Charlotte, _d1816-1855. |
|
| 245 | 1 | 0 |
_aShirley / _cEdited by Andrew and Judith Hook |
| 260 |
_a[Harmondsworth] : _bPenguin Books, _c[1974] |
||
| 300 |
_a622 p. ; _c19 cm |
||
| 504 | _aBibliography: p. [35] | ||
| 830 | 0 | _aPenguin English library | |
| 942 |
_2ddc _cBK |
||
| 999 |
_c2533 _d2533 |
||